Children in a depression decade /

Bibliographic Details
Corporate Author: American Academy of Political and Social Science
Other Authors: Bossard, James Herbert Siward, 1888-1960
Format: Book
Language:English
Published: New York : Arno Press, 1974.
Series:Children and youth: social problems and social policy.
Subjects:

MARC

Tag First Indicator Second Indicator Subfields
LEADER 00000pam a2200000 4500
001 in00000493413
005 20151013053322.0
008 740426r19741940nyua b 00100 eng
010 |a  74001667  
020 |a 0405059485 
035 |a (OCoLC)00900958 
035 |9 ACB8862AM 
040 |a DLC  |c DLC  |d TXA  |d UtOrBLW 
043 |a n-us--- 
049 |a TXAM  |c [1184332] 
050 0 0 |a HV741  |b .A62 1974 
082 0 |a 362.7/0973 
110 2 |a American Academy of Political and Social Science. 
245 1 0 |a Children in a depression decade /  |c edited by James H. S. Bossard. 
264 1 |a New York :  |b Arno Press,  |c 1974. 
300 |a xi, 234 pages :  |b illustrations ;  |c 24 cm. 
336 |a text  |b txt  |2 rdacontent 
337 |a unmediated  |b n  |2 rdamedia 
338 |a volume  |b nc  |2 rdacarrier 
490 1 |a Children and youth. Social problems and social policy 
500 |a Reprint of the 1940 edition published by the American Academy of Political and Social Science, which was issued as volume 212 of the Academy's Annals. 
504 |a Includes bibliographies. 
650 0 |a Child welfare  |z United States. 
650 0 |a Children  |x Health and hygiene. 
700 1 |a Bossard, James Herbert Siward,  |d 1888-1960. 
830 0 |a Children and youth: social problems and social policy. 
999 |a MARS 
999 f f |s 7f5d89c9-1a49-3ed0-84f8-b505af2ae045  |i 3d3e900f-75eb-32b2-93f6-6f87ec93d6c0  |t 0 
952 f f |p ric  |a Texas A&M University  |b Rellis Campus  |c Joint Library Facility  |d Remote Storage  |t 0  |e HV741 .A62 1974  |h Library of Congress classification  |i unmediated -- volume  |m A14803016617 
998 f f |a HV741 .A62 1974  |t 0  |l Remote Storage